| 000 | 00372nam a22001337a 4500 | ||
|---|---|---|---|
| 040 | _cNUST | ||
| 082 |
_a6201.112 _bHIB |
||
| 100 | _aHibbeler, R. C. | ||
| 245 |
_aInstructor Solutions Manual of Mechanics of Materials / _cR.C. Hibbeler |
||
| 250 | _a10th Ed. | ||
| 260 |
_aMalaysia : _bPearson Education, _c2018. |
||
| 300 |
_a1129 _bHardbinding _c27cm. |
||
| 942 |
_2ddc _cBK |
||
| 999 |
_c611262 _d611262 |
||